| 000 | 00507nam a2200181Ia 4500 | ||
|---|---|---|---|
| 003 | GCL | ||
| 008 | 140319s9999 xx 000 0 eng d | ||
| 040 |
_aGCL / _cGCL |
||
| 082 | 0 | 4 |
_a624.176 _bP I |
| 100 | 1 | _aPETYT, MAMRICE | |
| 245 | 1 | 0 |
_aINTRODUCTION TO FINITE ELEMENT VIBRATION ANALYSIS / _cPETYT, MAMRICE |
| 260 |
_a[S.N] : _bCAMBRIBGE UNIVERSITY PRESS ، _c1990 |
||
| 300 | _a558 P P | ||
| 650 | 0 | 4 | _aNUMERICAL ANALYSIS |
| 650 | 0 | 4 | _aVIBRATION |
| 650 | 0 | 4 | _aFINITE ELEMENT METHOD |
| 942 |
_2ddc _cBK |
||
| 999 |
_c16768 _d16768 |
||